Asian Separatist Movements - Statistics

General Stats
  • This quiz has been taken 68 times
    15 since last reset
  • The average score is 26 of 171
Answer Stats
Picture Hint Answer % Correct
Georgia Abkhazia
92%
Iran/Iraq/Syria/Turkey Kurdistan
92%
Pakistan Azad Kashmir
67%
Iraq Basra
67%
China Hong Kong
67%
India Kashmir
67%
Georgia South Ossetia
67%
China Tibet
67%
Iraq/Syria Assyria
58%
Indonesia Aceh
50%
Japan Ainu
50%
India Arunachal Pradesh
50%
Afghanistan/Iran/Pakistan Balochistan
50%
Indonesia Sulawesi
50%
China Taiwan
50%
Iran Al-Ahvaz
42%
India Assam
42%
India Barak
42%
China East Turkestan
42%
Laos/Vietnam Hmong
42%
China Inner Mongolia
42%
China Macau
42%
China Manchukuo
42%
Russia Yakutia
42%
Indonesia Bali
33%
India Sikkim
33%
Pakistan Sindhudesh
33%
Yemen South Yemen
33%
Georgia Adjara
25%
Syria Alawite
25%
Russia Altai
25%
Azerbaijan/Russia Avaria
25%
Saudi Arabia Hejaz
25%
Malaysia Johor
25%
Uzbekistan Karakalpakstan
25%
India Manipur
25%
India Mizoram
25%
Myanmar Mon
25%
Myanmar Northern Rakhine
25%
Syria Rojava
25%
India Tipraland
25%
Russia Agin-Buryat
17%
Myanmar Arakan
17%
China Basuria
17%
Myanmar Chin
17%
Syria Druze
17%
Russia Far-Eastern Republic
17%
India Goa
17%
China Guangdong
17%
India Jammu
17%
Russia Jewish Autonomous Oblast
17%
India Meghalaya
17%
India/Myanmar Nagalim
17%
Kazakhstan North Kazakhstan
17%
Pakistan Pashtunistan
17%
Thailand Pattani
17%
Malaysia Sabah
17%
Myanmar Shan
17%
China Shanghai
17%
Russia Siberia
17%
Sri Lanka Tamil Eelam
17%
Russia Tyva
17%
Myanmar Wa
17%
Russia Amur
8%
Pakistan Balawaristan
8%
Philippines Bangsamoro
8%
Philippines Bangsa Sug
8%
India Bodoland
8%
Russia Buryatia
8%
Vietnam Champa
8%
Bangladesh Chittagong Hill Tracts
8%
Philippines Cordillera
8%
India Dravida Nadu
8%
Saudi Arabia Eastern
8%
Russia Evenkia
8%
India Gorkhaland
8%
Russia Green Ukraine
8%
China Guangxi
8%
Yemen Hadhramaut
8%
Russia Irkutsk
8%
Georgia Javakh
8%
Myanmar Kachin
8%
India Kamtapur
8%
Myanmar Kawthoolei
8%
Myanmar Kayah
8%
Russia Khakassia
8%
India Khalistan
8%
Nepal Kirat
8%
Russia Koryak
8%
Russia Krasnoyarsk
8%
India Ladakh
8%
Nepal Madhesh
8%
Kazakhstan Mangystau
8%
Indonesia Minahasa
8%
China Ningxia
8%
Indonesia North Sumatra
8%
Myanmar Pa Laung
8%
Myanmar Pa'O
8%
Turkey Pontus
8%
Iran Qashqai
8%
Indonesia Riau
8%
Japan Ryukyu
8%
Malaysia Sarawak
8%
Iraq Sinjar
8%
Yemen South Arabia
8%
Iran South Azerbaijan
8%
Afghanistan Southern Turkestan
8%
Indonesia South Moluccas
8%
Bangladesh Sylhet
8%
Azerbaijan Talysh-Mughan
8%
Russia Taymyr
8%
Iraq Turkmeneli
8%
Russia Ural Republic
8%
Turkey Western Armenia
8%
Russia Yamalo-Nenets
8%
Bangladesh/India/Myanmar Zale'n-gam
8%
Turkey Zazaistan
8%
Bangladesh/India/Myanmar Zogam
8%
Afghanistan Bactria
0%
Pakistan Bahawalpur
0%
Myanmar Bamar
0%
Iran Caspia
0%
Azerbaijan Caucasian Albania
0%
China Chahar
0%
Russia Chita
0%
Myanmar Danu
0%
Vietnam Degar
0%
Indonesia East Sumatra
0%
India Garo
0%
Armenia Goycha-Zangezur
0%
Armenia Goycha-Zangezur
0%
Afghanistan/Pakistan Hazarajat
0%
Palestine Hebron
0%
India Hmar
0%
India Jharkhand
0%
Pakistan Jinnahpur
0%
Indonesia Kalimantan
0%
Myanmar Kayan
0%
Malaysia Kelantan
0%
Vietnam Khmer Krom
0%
India Kodava
0%
Myanmar Kokang
0%
China Komland
0%
India Kukiland
0%
Kazakhstan Kyzylorda
0%
Myanmar Lahu
0%
Thailand Lan Na
0%
Myanmar Lisu
0%
Myanmar Magway
0%
India Malabar
0%
Bangladesh Mro
0%
Nepal Newar
0%
Kyrgyzstan Osh
0%
Indonesia Pasundan
0%
Thailand Phuket
0%
India Rabha Hasong
0%
India Rayalaseema
0%
Pakistan Saraikistan
0%
Myanmar Shanni
0%
United Arab Emirates Sharjah
0%
Indonesia Sumbawa
0%
Russia Suuktul
0%
Azerbaijan Tatistan
0%
Nepal Tharuhat
0%
Yemen Tihamah
0%
Azerbaijan Udia
0%
United Arab Emirates Umm al-Quwain
0%
India Vidarbha
0%
Russia Yugra
0%
China Yunnan
0%
China Yuyencia
0%
No matching quizzes found
Score Distribution
Percent of People with Each Score
Percentile by Number Answered
Your Score History
You have not taken this quiz since the last reset